| 000 | 00945nam a22003137a 4500 | ||
|---|---|---|---|
| 003 | CHAP | ||
| 005 | 20220329134954.0 | ||
| 008 | 971013s1927 r 00010 d | ||
| 010 | _a28874 | ||
| 011 | _a29846 | ||
| 035 | _a33957 | ||
| 040 | _cCHAP | ||
| 090 | _aTesis | ||
| 100 | 0 | 0 |
_aLechuga Uribe, Javier. _965488 |
| 245 | _aComercio e industria del henequén y su porvenir en Yucatán | ||
| 260 |
_aMéxico : _bEl autor, _c1927 |
||
| 300 | _a13 h. | ||
| 502 | _aTesis (Ing. Agrónomo) -- ENA. | ||
| 590 |
_aALEPH _b10 _c20130110 _lUCH01 _h1250 |
||
| 590 |
_aBATCH-UPD _b10 _c20130110 _lUCH01 _h0111 |
||
| 590 |
_aBATCH-UPD _b10 _c20130110 _lUCH01 _h1102 |
||
| 590 |
_aBATCH-UPD _b10 _c20130410 _lUCH01 _h0655 |
||
| 590 |
_aBATCH-UPD _b10 _c20130914 _lUCH01 _h1606 |
||
| 590 |
_aCONVERSION _b10 _c20130109 _lUCH01 _h1317 |
||
| 650 | 1 | 4 |
_aHenequén _xYucatán. _953592 |
| 901 | _aBK | ||
| 942 | _cTESIS | ||
| 949 |
_bBC _cTES _d-78760 _eTS1 _i33957 _si |
||
| 999 |
_c28874 _d28874 |
||